Minecraft All Advancements - Statistics

General Stats
  • This quiz has been taken 34 times
  • The average score is 32 of 75
Answer Stats
Answer % Correct
The End?
85%
Diamonds!
81%
How Did We Get Here?
81%
Monster Hunter
69%
Acquire Hardware
65%
Getting an Upgrade
65%
Cover me in Debris
62%
Stone Age
62%
Suit up
62%
A Furious Cocktail
58%
Eye Spy
58%
Hot Stuff
58%
Ice Bucket Challenge
58%
Isn't It Iron Pick
58%
The End Again...
58%
War Pigs
58%
We Need to Go Deeper
58%
A Terrible Fortress
54%
Free the End
54%
Into Fire
54%
Monsters Hunted
54%
Sniper Duel
54%
Those Were the Days
54%
Who's the Pillager now ?
54%
A Balanced Diet
50%
Adventuring Time
50%
The city at the End of the Game
50%
Two by Two
50%
Enchanter
46%
Hot Tourist Destinations
46%
Oh Shiny
46%
Take Aim
46%
Very very frightening
46%
What a Deal!
46%
Beaconator
42%
Cover me With Diamonds
42%
Great View From up Here
42%
Sky's the limit
42%
The Parrots And the Bats
42%
Uneasy Alliance
42%
A throwaway Joke
38%
Bullseye
38%
Not today, Thank you
38%
Return to Sender
38%
This Boat Has Legs
38%
Two Birds one Arrow
38%
Zombie Doctor
38%
Bee our Guest
35%
Bring Home the Beacon
35%
Hero of the Village
35%
Local Brewery
35%
Spooky Scary Skeleton
35%
Subspace Bubble
35%
The Next Generation
35%
Withering Heights
35%
Remote Gateway
31%
Serious Dedication
31%
Sweet Dreams
31%
Who is Cutting Onions
31%
A seedy Place
27%
Country Lode,Take me Home
27%
Postmortal
27%
Sticky Situation
27%
Total Beelocation
27%
Voluntary Exile
27%
You Need a Mint
27%
Best Friends Forever
23%
Not Quite "nine lives"
23%
Hired Help
19%
Complete Catalogue
15%
Tactical Fishing
15%
Fishy Business
12%
Hidden in Depths
12%
Ol' Besty
8%
Airbalistic
0%
No matching quizzes found
Score Distribution
Percent of People with Each Score
Percentile by Number Answered
Your Score History
You have not taken this quiz